Q. Horacio Flacco : poeta lyrico latino : sus obras con la declaración magistral en lengua castellana, por el Doctor Villen de Biedma, dirigida a Francisco González de Heredia, secretario del Rey Felipe II y III nuestro señor, de su patronazgo real, de las tres órdenes militares, de sus descargos, y de los señores reyes de Castilla, y su alcayde de los alcazares y fortalezas de las villas de Arjono y Arjonilla, y c. /

Traducción al castellano y estudio crítico de la poesía de Horacio hecha por el Doctor Juan Villén de Biedma. Se trata de la primera traducción al castellano de los versos del poeta latino, que se acompañan con un extenso cuerpo de glosas y comentarios. Es probable que el nombre del autor sea un pse...

Descripción completa

Guardado en:
Detalles Bibliográficos
Autor principal: Horacio Flaco, Quinto (autor)
Otros autores: Villén de Biedma, Juan (autor) (autor)
Formato: Libro
Idioma:Español
Publicado: Granada, España : Sebastián de Mena, 1599
Temas:
Etiquetas: Agrega una etiqueta
Sin etiquetas, Sé el primero en etiquetar este registro!

MARC

LEADER 00000nam^a2200000^a^4500
001 000451373
005 20250526000000.0
009 20260526145431.646
037 |a Acervo ITESO - Biblioteca 
041 |a ESP 
091 |a FHM. 11371 
100 |a Horacio Flaco, Quinto  |e (autor) 
245 1 0 |a Q. Horacio Flacco :  |b poeta lyrico latino : sus obras con la declaración magistral en lengua castellana, por el Doctor Villen de Biedma, dirigida a Francisco González de Heredia, secretario del Rey Felipe II y III nuestro señor, de su patronazgo real, de las tres órdenes militares, de sus descargos, y de los señores reyes de Castilla, y su alcayde de los alcazares y fortalezas de las villas de Arjono y Arjonilla, y c. /  |c Q. Horacio Flaco ; estudio y tr. por J. Villén de Biedma. 
264 4 |a Granada, España :  |b Sebastián de Mena,  |c 1599 
300 |a [18 p.], 327 hojas ;  |c 29.5 cm. 
336 |a texto  |b txt  |2 rdacontenido 
337 |a sin mediación  |b n  |2 rdamedio 
338 |a volumen  |b nc  |2 rdasoporte 
520 |a Traducción al castellano y estudio crítico de la poesía de Horacio hecha por el Doctor Juan Villén de Biedma. Se trata de la primera traducción al castellano de los versos del poeta latino, que se acompañan con un extenso cuerpo de glosas y comentarios. Es probable que el nombre del autor sea un pseudónimo de un autor de renombre, probablemente Diego López. Los comentarios son tan extensos que dificultan la lectura de los versos horacianos. 
545 0 |a Horacio (Venusia 66 a.C. - Roma, 8 a.C.), poeta lírico y satírico latino, formado en Roma con los mejores maestros de su época y en Atenas, donde completó sus estudios retóricos y filosóficos. De regreso a Roma estableció amistad estrecha con Virgilio y Cayo Mecenas, que lo introdujeron en los círculos literarios y políticos. Sus escritos se dividen en cuatro grupos: Odas (Carmina); Epodos (Epodon liber); Sátiras (Saturae o Sermones); y Epístolas, donde se incluye su famosa Ars poetica. Es considerado el máximo representante de la lírica latina. 
561 |a Ex libris de Rafaél Rodríguez de San Miguel 
561 |a Ex libris manuscrito de José de J. Rodríguez de San Miguel 
649 |a XX 
650 |a Escritores Latinos 
650 |a Sátira Latina -  |x Historia y Crítica 
650 |a Sátira Latina 
650 |a Sátira Clásica -  |x Historia y Crítica 
650 |a Sátira Clásica 
650 |a Poesía Latina -  |x Historia y Crítica 
650 |a Poesía Latina 
650 |a Poesía Clásica -  |x Historia y Crítica 
650 |a Poesía Clásica 
650 |a Literatura Latina -  |x Historia y Crítica 
650 |a Literatura Latina -  |y Siglo I a.C. 
650 |a Literatura Clásica -  |x Historia y Crítica 
650 |a Literatura Clásica -  |y Siglo I a.C. 
650 |a Horacio Flaco, Quinto 
700 |a Villén de Biedma, Juan  |e (autor) 
910 |a Fondo Hugo B. Margáin 
920 |a Impresos - Libros 
930 |a Libros Antiguos y Raros 
905 |a 126 
901 |a 0500355262  |b IT2  |c LRA  |i D  |u 20250526 
902 |a https://opac.biblio.iteso.mx/vufind/Record/000451373